| 000 | 00876nam a2200205Ia 4500 | ||
|---|---|---|---|
| 003 | Ost | ||
| 005 | 20260507075047.0 | ||
| 008 | 260507s9999||||xx |||||||||||||| ||und|| | ||
| 040 | _cfsecg | ||
| 041 | _aara | ||
| 082 | _a330 | ||
| 100 |
_aالشماع، فائق محمود _eمؤلف |
||
| 245 | 0 |
_aالحساب المصرفي : _bدراسة قانونية مقارنة / _c فائق محمود الشماع |
|
| 260 |
_aعمان: _bالدار العلمية الدولية للنشر, _c2003 |
||
| 300 |
_a327 صفحة؛ _bإيضاحات ؛ _c24 سم |
||
| 504 | _aببليوغرافيا: ص.311 | ||
| 520 | _aالتصنيف النوعي للحسابات المصرفية- التصنيف الوصفي للحسابات المصرفية- المناقلة بين الحسابات المصرفية | ||
| 653 | _aالبنوك- حسابات مصرفية | ||
| 942 | _cكتاب | ||
| 999 |
_c42592 _d42592 |
||